000 00830nmm a2200265 a 4500
001 ocm000940756
003 TR-IsHL
005 20201028145801.0
008 150110s2014 tu kur
007 cr cn
020 _a9786053310198
035 _a940756
_b(N$T)
050 0 4 _aPK6908.4.D56
_bS49 2014
090 0 4 _aPK6908.4.D56
_bS49 2014
100 1 _aDindar, İsmail
245 1 0 _aSiware ewran
_h[electronic resource] /
_cİsmail Dindar
260 _aİstanbul :
_bEvrensel Basım Yayın,
_c2014
300 _a153 p.
650 4 _aDil ve Edebiyat
650 4 _aLanguage and Literature
650 0 _aKürt romanı
650 0 _aKurdish fiction
650 7 _aLITERARY COLLECTIONS / Middle Eastern
_2bisacsh
856 4 0 _uhttp://search.ebscohost.com/login.aspx?direct=true&scope=site&db=e011xww&AN=940756
999 _c10133
_d10133